Statistics for Generator Puzzle #10

Click here to take the quiz!

General Stats

  • This quiz has been taken 614 times
    (373 since last reset)
  • The average score is 12 of 21

Answer Stats

Hint Answer % Correct
Jig, foxtrot, twerk etcDance
94%
Type of angleAcute
88%
Pretty; attractiveCute
83%
Pimples, zits etcAcne
81%
Cut food into cubesDice
76%
Corrosive substanceAcid
73%
Huge, enormousGiant
72%
Actress KeatonDiane
71%
Adam and Eve's eldest sonCain
71%
Young military traineeCadet
65%
Financial reviewAudit
61%
Bring togetherUnite
54%
Push gently, prodNudge
44%
Keep someone in custodyDetain
43%
Barred enclosureCage
39%
African countryGuinea
34%
Ancient Greek garmentTunic
32%
Pass into lawEnact
30%
Counselor's offeringGuidance
18%
9-Letter WordEDUCATING
15%
Gold coin (5)Ducat
10%

Score Distribution

Percentile by Number Answered

Percent of People with Each Score

Your Score History

You have not taken this quiz since the last reset